七草粥に使われる「春の七草」 - Statistics

General Stats
  • This quiz has been taken 175 times
  • The average score is 6 of 7
Answer Stats
答え 漢字 % Correct
ナズナ
99%
セリ
97%
ハコベラ 繁縷
93%
ホトケノザ 仏の座
92%
スズシロ 蘿蔔
90%
ゴギョウ 御形
88%
スズナ
88%
No matching quizzes found
Score Distribution
Percent of People with Each Score
Percentile by Number Answered
Your Score History
You have not taken this quiz